LEADER 01005nam a2200253 4500 001 000000357875 003 CaOOAMICUS 005 20240405111600.0 008 240405s2021 it 000 u ita r 020 $a978-88-545-2223-7 040 $aSeMil$bita 100 1 $aDattilo, Emanuele,$d<1985- >.$0(OLS)http://semarc/name/119492 245 13$aIl Dio sensibile :$bsaggio sul panteismo /$cEmanuele Dattilo. 264 1$aVicenza :$bNeri Pozza,$c2021. 300 $a367 p. ;$c22 cm 490 1 $aLa quarta prosa 650 4$aPanteismo.$0(OLS)http://semarc/subject/3568 830 3$aLa quarta prosa.$0(OLS)http://semarc/title/448156 850 $aSeMil 852 $aSeMil$W1$xVenegono$y1$m2P IV 864$j247438$B249018$CSeMilBibl$Z2$F249018 $81 996 $6020$a978-88-545-2223-7$9(OLS)http://semarc/number/300147 996 $6245$aIl Dio sensibile :$bsaggio sul panteismo$9(OLS)http://semarc/title/448155 996 $6264$aVicenza :$bNeri Pozza$9(OLS)http://semarc/publisher/32468 LEADER 02006nam a2200325 i 4500 001 000000157565 003 CaOOAMICUS 005 20241121124916.0 008 070109s2006 gw u100 u mul u 013 $a134921 020 $a3-11-018667-5 040 $aSeMil$bita 245 14$aDie deuteronomischen Geschichtswerke :$bRedaktions- und religionsgeschichtliche Perspektiven zur "Deuteronomismus" -Diskussion in Tora und Vorderen Propheten /$chrsg. von Markus Witte ... [et al.] ; unter Mitarbeit von Johannes F. Diehl. 260 $aBerlin ; New York :$bDe Gruyter,$c2006. 300 $aXVII, 444 p. ;$c24 cm. 490 0 $aBeihefte zur Zeitschrift für die alttestamentliche Wissenschaft ;$v365 500 $aContributi del Simposio internazionale "Die deuteronomistischen Geschichtswerke in Genesis bis 2. Könige" tenutosi nel 2005 a Heidelberg e alcuni contributi della giornata di studio tenutasi nel 2004 a Magonza 650 4$aBibbia - Storiografia.$0(OLS)http://semarc/subject/7539 650 4$aBibbia. Antico Testamento. Deuteronomio - Commentari, studi, critica, interpretazioni.$0(OLS)http://semarc/subject/2785 650 4$aBibbia - Atti di congressi.$0(OLS)http://semarc/subject/17280 700 1 $aDiehl, Johannes F.$0(OLS)http://semarc/name/61498 700 1 $aWitte, Markus,$d<1964- >.$0(OLS)http://semarc/name/6175 830 0$aBeihefte zur Zeitschrift für die alttestamentliche Wissenschaft ;$v365.$0(OLS)http://semarc/title/294 850 $aSeMil 852 $aSeMil$W1$xVenegono$y1$m2XA Q 365$j251152$B109249$CSeMilBibl$Z2$F118760 $81 961 $aSottoscrizione: De Gruyter 996 $6020$a3-11-018667-5$9(OLS)http://semarc/number/147903 996 $6245$aDie deuteronomischen Geschichtswerke :$bRedaktions- und religionsgeschichtliche Perspektiven zur "Deuteronomismus" -Diskussion in Tora und Vorderen Propheten$9(OLS)http://semarc/title/231075 996 $6260$aBerlin ; New York :$bDe Gruyter$9(OLS)http://semarc/publisher/29892